Normal view
MARC view
- القرص المدمج-المكتبات
Entry Topical Term
001 - CONTROL NUMBER
- control field: 27796
003 - CONTROL NUMBER IDENTIFIER
- control field: JO-AjAnu
005 - DATE AND TIME OF LATEST TRANSACTION
- control field: 20230606074722.0
008 - FIXED-LENGTH DATA ELEMENTS
- fixed length control field: 230606|| aca||aabn | a|a d
040 ## - CATALOGING SOURCE
- Original cataloging agency: JO-AjAnu
- Transcribing agency: JO-AjAnu
150 ## - HEADING--TOPICAL TERM
- Topical term or geographic name entry element: القرص المدمج-المكتبات
670 ## - SOURCE DATA FOUND
- Source citation: Work cat.: (JO-AjAnu)14272: تحرير هانسون، تيري، جان داي , author 27795, القرص المدمج في المكتبات قضاياي ادارية